000 00727nam a2200253Ia 4500
003 OSt
005 20220927110350.0
006 a|||||r|||| 00| 0
007 ta
008 220926b |||||||| |||| 00| 0 eng d
024 _a60931
037 _cReports
040 _aRTL
_cRTL
_beng
041 _2eng
_aeng
082 _a"X621.44Q7r, J6/GD"
110 _aState Bank Of Pakistan
_9376763
245 0 _aReport of the eighth annual general meeting of shareholders
260 _aKarachi
_bState Bank Pakistan Pakistan
_c1956
300 _a72p.
_ccm.
650 _aCentral Bank
_9376764
700 _aState Bank Of Pakistan
_9376765
942 _h"X621.44Q7r, J6/GD"
_cCC
999 _c695854
_d695854